All Missouri Cities on a Map - Statistics

General Stats
  • This quiz has been taken 181 times
  • The average score is 103 of 1065
Answers on the Map
Answers color-coded by a green-red scale on the quiz's map according to % correct below.
 
Answer Stats
Answer Population % Correct
Springfield 170,188
91%
Kansas City 510,704
88%
St. Louis 281,754
86%
Columbia 129,330
83%
Jefferson City 42,552
82%
Joplin 53,095
79%
Independence 120,922
74%
St. Joseph 70,634
74%
St. Charles 71,800
73%
Branson 12,897
71%
Lee's Summit 104,184
68%
O'Fallon 94,074
62%
Cape Girardeau 40,508
60%
Ozark 22,907
59%
Rolla 20,423
58%
Kirksville 17,483
55%
Nixa 25,405
53%
Lebanon 15,429
50%
Poplar Bluff 16,132
50%
St. Peters 59,413
50%
Wentzville 47,497
49%
Carthage 15,556
47%
Hannibal 16,838
47%
Mexico 11,507
47%
Florissant 51,128
46%
Blue Springs 60,539
45%
Jackson 15,742
44%
Washington 15,450
44%
Republic 20,144
42%
Chesterfield 49,166
41%
Neosho 13,328
41%
Sedalia 22,086
41%
Webb City 13,325
41%
Liberty 30,794
40%
Osage Beach 4,856
40%
Union 13,000
40%
Eureka 13,092
38%
Lake St. Louis 18,661
38%
Maryville 10,309
38%
Nevada 8,262
38%
Sullivan 6,829
38%
Moberly 13,296
37%
Ferguson 17,996
36%
University City 34,096
36%
Bolivar 11,338
35%
Camden 175
35%
Farmington 18,362
35%
Macon 5,495
35%
New Madrid 2,623
35%
Sikeston 16,085
35%
Festus 13,443
33%
Lamar 4,302
33%
North Kansas City 5,534
33%
West Plains 12,598
33%
Clayton 17,461
32%
Clinton 9,416
32%
Mount Vernon 4,571
32%
St. James 3,903
32%
Warrensburg 19,673
32%
Warsaw 2,328
32%
Anderson 2,064
31%
Marshall 13,642
31%
Marshfield 7,845
31%
Monett 10,000
31%
Salem 4,713
31%
Ste. Genevieve 5,037
31%
Kirkwood 29,174
29%
Pacific 7,554
29%
St. Robert 5,457
29%
Troy 14,591
29%
Waynesville 5,455
29%
Cassville 3,230
28%
Cuba 3,198
28%
Fort Leonard Wood 15,317
28%
Harris 62
28%
Houston 2,185
28%
Arnold 21,059
27%
Camdenton 4,058
27%
Carl Junction 8,379
27%
Clark 248
27%
Fulton 12,473
27%
Ironton 1,447
27%
Maryland Heights 27,575
27%
Platte City 4,828
27%
Richmond 5,958
27%
Wildwood 34,851
27%
Butler 4,257
26%
Excelsior Springs 10,612
26%
Jasper 875
26%
Paris 1,153
26%
Pineville 826
26%
Rich Hill 1,247
26%
Willard 6,521
26%
Battlefield 6,217
24%
Belle 1,381
24%
Boonville 7,782
24%
Bowling Green 4,341
24%
Chillicothe 9,044
24%
Creve Coeur 18,457
24%
Fenton 4,048
24%
Kennett 10,117
24%
Noel 2,180
24%
Webster Groves 23,449
24%
Buffalo 3,462
23%
California 4,520
23%
Eldon 4,602
23%
Harrisonville 9,852
23%
Raytown 29,097
23%
Reeds 92
23%
Seneca 2,293
23%
Warrenton 9,298
23%
Alba 531
22%
Alton 705
22%
Ava 3,157
22%
Branson West 497
22%
Clarksville 376
22%
Dexter 7,878
22%
Gladstone 27,329
22%
Hollister 4,661
22%
Holt 472
22%
Lake Ozark 2,200
22%
Louisiana 3,248
22%
Memphis 1,718
22%
Miller 711
22%
Oakville 35,166
22%
Perry 684
22%
Potosi 2,540
22%
Southwest City 969
22%
Strafford 2,703
22%
Versailles 2,639
22%
Ashland 4,995
21%
Aurora 7,512
21%
Ballwin 30,410
21%
Billings 1,176
21%
Concord 18,028
21%
Hermann 2,186
21%
Ladue 8,880
21%
Lincoln 1,200
21%
Marionville 2,086
21%
Oronogo 2,895
21%
Peculiar 6,101
21%
Perryville 8,506
21%
Raymore 25,306
21%
Town and Country 11,553
21%
Trenton 5,622
21%
Ash Grove 1,505
19%
Belton 25,534
19%
Carrollton 3,478
19%
Caruthersville 5,228
19%
Center 538
19%
Clever 3,015
19%
Doniphan 1,801
19%
Fair Grove 1,609
19%
Greenville 440
19%
La Plata 1,239
19%
Manchester 18,012
19%
Overland 15,496
19%
Sarcoxie 1,389
19%
Sparta 1,946
19%
Stockton 1,792
19%
Van Buren 761
19%
Airport Drive 803
18%
Cameron 7,324
18%
Diamond 872
18%
Franklin 68
18%
Fredericktown 4,518
18%
Galena 476
18%
Grain Valley 16,609
18%
Kimberling City 2,395
18%
Linn 1,424
18%
Missouri City 218
18%
Cabool 2,024
17%
Dixon 1,213
17%
Forsyth 2,782
17%
Golden 277
17%
Granby 2,081
17%
Greenfield 1,230
17%
Hamilton 1,694
17%
Hazelwood 24,863
17%
Jennings 12,836
17%
Kearney 11,060
17%
Kingdom City 134
17%
Milan 1,759
17%
Mountain Grove 4,645
17%
Oak Grove 8,907
17%
Savannah 5,072
17%
Spokane 250
17%
St. Clair 4,716
17%
Sunset Hills 9,041
17%
Verona 516
17%
Benton 908
15%
Bethany 2,923
15%
Bourbon 1,529
15%
Brookfield 4,072
15%
Cairo 203
15%
Carterville 1,853
15%
Centralia 4,728
15%
Charleston 4,483
15%
Crane 1,513
15%
Duenweg 1,864
15%
El Dorado Springs 3,595
15%
Eminence 523
15%
Exeter 749
15%
Fremont 103
15%
Gainesville 774
15%
Holts Summit 4,677
15%
Jacksonville 121
15%
Jane 388
15%
Knob Noster 2,891
15%
Maplewood 8,041
15%
Odessa 5,638
15%
Palmyra 3,600
15%
Phillipsburg 166
15%
Purdy 1,049
15%
Richland 1,736
15%
Rogersville 5,087
15%
St. Ann 12,658
15%
Steelville 1,443
15%
St. John 6,460
15%
Wright City 5,354
15%
Affton 20,035
14%
Arcadia 608
14%
Blue Eye 306
14%
Brentwood 8,070
14%
Concordia 2,346
14%
Des Peres 9,099
14%
Duquesne 2,327
14%
Fremont Hills 1,092
14%
Goodman 1,282
14%
Herculaneum 5,245
14%
Humansville 934
14%
Loma Linda 985
14%
Madison 520
14%
Marceline 2,110
14%
Miner 900
14%
Monroe City 2,655
14%
Mound City 1,012
14%
Oakland 1,370
14%
Park Hills 8,759
14%
Piedmont 1,861
14%
Pierce City 1,265
14%
Pilot Knob 682
14%
Preston 167
14%
Reeds Spring 1,242
14%
St. Paul 3,622
14%
Vienna 576
14%
Bellefontaine Neighbors 10,370
13%
Bridgeton 11,261
13%
Centerville 164
13%
Conway 735
13%
Glendale 6,051
13%
Golden City 657
13%
Hayti 2,310
13%
Higginsville 4,757
13%
Indian Point 587
13%
Lancaster 677
13%
Leadington 767
13%
Lexington 4,585
13%
Licking 2,967
13%
Mansfield 1,284
13%
Maysville 1,093
13%
Moscow Mills 4,017
13%
Neck City 230
13%
Parkville 8,859
13%
Thayer 1,898
13%
Waco 74
13%
Walnut Grove 640
13%
Wheatland 287
13%
Willow Springs 2,219
13%
Annapolis 246
12%
Berkeley 8,031
12%
Butterfield 391
12%
Carytown 291
12%
Crestwood 12,175
12%
Cross Timbers 124
12%
Edgar Springs 202
12%
Ginger Blue 34
12%
Hillsboro 3,502
12%
Hurley 183
12%
Jamestown 331
12%
Lanagan 383
12%
Lockwood 856
12%
Louisburg 136
12%
Mehlville 29,089
12%
Mountain View 2,674
12%
Neelyville 314
12%
New London 968
12%
Richmond Heights 9,058
12%
Rock Port 1,227
12%
Seligman 881
12%
South Greenfield 121
12%
Spanish Lake 18,183
12%
Stark City 131
12%
Urbana 403
12%
Westphalia 377
12%
Winchester 1,403
12%
Arrow Point 77
10%
Bakersfield 194
10%
Buell 24
10%
Chain-O-Lakes 107
10%
Crystal City 4,717
10%
De Soto 6,493
10%
Doolittle 573
10%
Eagle Rock 63
10%
Ellsinore 422
10%
Emerald Beach 219
10%
Fair Play 450
10%
Fairview 426
10%
Fleming 115
10%
Foristell 616
10%
Grandview 25,436
10%
Halltown 104
10%
Highlandville 983
10%
Koshkonong 198
10%
La Grange 803
10%
Leadwood 1,167
10%
Leawood 631
10%
Linneus 275
10%
Newburg 332
10%
Newtown 109
10%
Normandy 4,213
10%
Norwood 612
10%
Old Jamestown 21,121
10%
Osceola 971
10%
Pleasant Hill 8,679
10%
Redings Mill 164
10%
Rockaway Beach 827
10%
Rocky Comfort 200
10%
Saddlebrooke 318
10%
Saginaw 318
10%
Seymour 1,909
10%
Shell Knob 1,445
10%
Smithville 10,785
10%
South Lineville 13
10%
St. Cloud 41
10%
Stotts City 172
10%
Unionville 1,709
10%
Washburn 412
10%
Weaubleau 396
10%
West Sullivan 280
10%
Wheaton 677
10%
Aldrich 69
9%
Asbury 191
9%
Avilla 100
9%
Bagnell 44
9%
Barnhart 6,036
9%
Black Jack 6,538
9%
Bonne Terre 6,522
9%
Buckner 2,877
9%
Bull Creek 415
9%
Canton 2,736
9%
Collins 132
9%
Coney Island 47
9%
Crocker 916
9%
Dadeville 232
9%
Dardenne Prairie 13,803
9%
Dover 86
9%
Ellisville 9,801
9%
Fidelity 228
9%
Frontenac 3,727
9%
Grant City 789
9%
Halfway 153
9%
Hallsville 1,732
9%
Hartville 625
9%
Kirbyville 201
9%
Laclede 299
9%
Lemay 16,431
9%
Linn Creek 223
9%
Lone Jack 1,744
9%
McCord Bend 224
9%
Merriam Woods 2,018
9%
Naylor 446
9%
New Florence 641
9%
Niangua 408
9%
Oran 1,205
9%
Plato 90
9%
Pleasant Hope 685
9%
Princeton 988
9%
Queen City 559
9%
Riverside 4,417
9%
Rocheport 210
9%
Scott City 4,348
9%
Shoal Creek Estates 107
9%
Steele 1,720
9%
Sunrise Beach 502
9%
Taneyville 275
9%
Thomasville 35
9%
Vandalia 2,959
9%
Weldon Spring 5,263
9%
Wentworth 99
9%
Williamsville 272
9%
Winfield 1,602
9%
Albany 1,705
8%
Amsterdam 221
8%
Birch Tree 557
8%
Bismarck 1,240
8%
Brandsville 128
8%
Brooklyn Heights 103
8%
Browning 214
8%
Bunker 297
8%
Cleveland 639
8%
Cliff Village 34
8%
Cooter 322
8%
Cottleville 6,043
8%
Dennis Acres 55
8%
Denver 32
8%
Des Arc 129
8%
Desloge 4,869
8%
Diggins 313
8%
Dudley 101
8%
Ellington 773
8%
Elsberry 2,051
8%
Evergreen 17
8%
Fisk 311
8%
Flemington 114
8%
Fordland 805
8%
Gallatin 1,854
8%
Glasgow 1,079
8%
Grand Falls Plaza 105
8%
Grandin 229
8%
Green City 578
8%
Grovespring 24
8%
Hawk Point 736
8%
Hermitage 638
8%
Imperial 5,617
8%
Iron Mountain Lake 646
8%
Kingston 296
8%
Kissee Mills 1,182
8%
Lamar Heights 173
8%
La Russell 134
8%
Laurie 1,047
8%
Mineral Point 228
8%
Montier 89
8%
Morrisville 396
8%
New Bloomfield 737
8%
New Franklin 1,017
8%
Novinger 376
8%
Olivette 8,843
8%
Pleasant Valley 2,726
8%
Pontiac 69
8%
Purcell 318
8%
Qulin 468
8%
Raymondville 368
8%
Rock Hill 4,649
8%
Shelbina 1,567
8%
Shelbyville 505
8%
Shoal Creek Drive 366
8%
St. Catharine 1
8%
St. Mary 307
8%
Stoutland 214
8%
Summersville 469
8%
Tarkio 1,458
8%
Theodosia 200
8%
Viburnum 658
8%
Village of Four Seasons 2,496
8%
Villa Ridge 2,994
8%
Wasola 30
8%
Waverly 801
8%
Winona 981
8%
Winston 235
8%
Alexandria 106
6%
Alma 394
6%
Arrow Rock 59
6%
Atlanta 376
6%
Augusta 264
6%
Auxvasse 1,014
6%
Bennett Springs 134
6%
Birmingham 188
6%
Bloomfield 1,738
6%
Breckenridge 251
6%
Brunswick 797
6%
Campbell 1,525
6%
Cedar Hill 1,568
6%
Clarkson Valley 2,543
6%
Claycomo 1,353
6%
Climax Springs 126
6%
Defiance 80
6%
Edinburg 71
6%
Essex 399
6%
Eugene 163
6%
Everton 283
6%
Fairdealing 367
6%
Fayette 2,805
6%
Freeburg 412
6%
Freistatt 183
6%
Gerald 1,342
6%
Gravois Mills 134
6%
Greencastle 212
6%
Greentop 386
6%
Greenwood 6,123
6%
High Hill 182
6%
High Ridge 4,209
6%
Hornersville 507
6%
Hunter 60
6%
Jerico Springs 166
6%
Jonesburg 771
6%
Kahoka 1,975
6%
Lewistown 506
6%
Liberal 637
6%
Macks Creek 280
6%
Malden 3,524
6%
Marston 370
6%
Mercer 259
6%
Miami 147
6%
Mill Spring 157
6%
Mokane 186
6%
Montgomery City 2,801
6%
Montreal 42
6%
New Haven 2,389
6%
Newtonia 212
6%
Old Monroe 269
6%
Owensville 2,796
6%
Oxly 25
6%
Parkway 650
6%
Pomona 243
6%
Portage Des Sioux 325
6%
Ritchey 67
6%
Russellville 791
6%
Salisbury 1,567
6%
Skidmore 234
6%
South Fork 67
6%
Spickard 225
6%
Stanton 307
6%
Stella 168
6%
St. George 1,568
6%
St. Thomas 223
6%
Sundown 190
6%
Taos 1,167
6%
Utica 218
6%
Valley Park 6,725
6%
Windsor 2,844
6%
Wyatt 214
6%
Arcola 40
5%
Bel-Ridge 2,078
5%
Bland 504
5%
Bragg City 63
5%
Brimson 47
5%
Chamois 378
5%
Chula 202
5%
Clarksburg 256
5%
Connelsville 88
5%
Denton 142
5%
Eagleville 281
5%
Friedenswald 1
5%
Galt 166
5%
Gasconade 168
5%
Grand Pass 49
5%
Gray Summit 2,847
5%
Hardin 559
5%
Hartsburg 137
5%
Hoberg 47
5%
Holcomb 597
5%
Hopkins 447
5%
Humphreys 88
5%
Huntleigh 351
5%
Huntsville 1,357
5%
Irondale 368
5%
Jameson 71
5%
Jamesport 567
5%
Lake Lotawana 2,515
5%
Laredo 156
5%
Lathrop 2,267
5%
Leasburg 316
5%
Malta Bend 187
5%
Marthasville 1,283
5%
Meadville 415
5%
Middletown 170
5%
New Melle 538
5%
Oaks 127
5%
Oakwood 196
5%
Oregon 834
5%
Osgood 24
5%
Purdin 140
5%
Rayville 232
5%
Richards 43
5%
Riverview 2,327
5%
Rosebud 396
5%
Rush Hill 100
5%
Sappington 6,882
5%
Sheldon 436
5%
Sheridan 141
5%
Shrewsbury 6,243
5%
Silex 264
5%
Sugar Creek 3,204
5%
Tightwad 60
5%
Tipton 2,637
5%
Truxton 67
5%
Twin Oaks 585
5%
Wardsville 1,631
5%
Weldon Spring Heights 92
5%
Wellington 754
5%
West Alton 350
5%
Weston 1,811
5%
Worth 62
5%
Annada 12
4%
Aullville 80
4%
Bates City 226
4%
Bevier 630
4%
Blackwater 178
4%
Breckenridge Hills 4,348
4%
Broseley 27
4%
Byrnes Mill 3,185
4%
Calhoun 403
4%
Cave 2
4%
Chaffee 3,025
4%
Charlack 1,274
4%
Chilhowee 292
4%
Clarkton 956
4%
Coffey 152
4%
Cole Camp 1,167
4%
Cool Valley 1,006
4%
De Kalb 237
4%
Dutchtown 242
4%
Edina 1,009
4%
Excelsior Estates 230
4%
Fillmore 176
4%
Foley 101
4%
Frankford 349
4%
Gibbs 69
4%
Green Park 2,664
4%
Hale 373
4%
Harrisburg 286
4%
Hayward 91
4%
Henrietta 273
4%
Iberia 722
4%
Indian Lake 1,075
4%
Innsbrook 639
4%
Josephville 543
4%
Keytesville 445
4%
King City 829
4%
Lake Winnebago 1,715
4%
Lawson 2,526
4%
Leisure Lake 158
4%
Leonard 55
4%
Loch Lloyd 975
4%
Milford 27
4%
Millersville 305
4%
Monticello 104
4%
Moundville 77
4%
Murphy 8,566
4%
Napoleon 209
4%
Oak Grove Village 400
4%
Oakview 363
4%
Pagedale 2,506
4%
Pevely 6,064
4%
Philadelphia 250
4%
Pilot Grove 678
4%
Pine Lawn 2,683
4%
Pollock 46
4%
Portageville 2,764
4%
Prairie Home 263
4%
Randolph 58
4%
Rhineland 139
4%
River Bend 5
4%
Stanberry 1,148
4%
Sweet Springs 1,309
4%
Syracuse 159
4%
Unity Village 63
4%
Walker 201
4%
Weatherby 78
4%
Westwood 308
4%
Wheeling 223
4%
Whiteman AFB 3,713
4%
Whiteside 61
4%
Adrian 1,756
3%
Agency 649
3%
Altamont 171
3%
Altenburg 340
3%
Archie 1,262
3%
Argyle 145
3%
Ashley 10
3%
Avalon 36
3%
Avondale 431
3%
Baldwin Park 80
3%
Bell City 457
3%
Bel-Nor 1,355
3%
Beverly Hills 458
3%
Big Spring 29
3%
Blackburn 218
3%
Blodgett 206
3%
Blue Summit 1,145
3%
Braymer 754
3%
Bronaugh 162
3%
Bucklin 408
3%
Caledonia 133
3%
Callao 248
3%
Cardwell 533
3%
Castle Point 2,792
3%
Chain of Rocks 104
3%
Charmwood 16
3%
Clarence 720
3%
Commerce 41
3%
Corder 423
3%
Country Club 2,497
3%
Craig 104
3%
Curryville 203
3%
Dalton 7
3%
Dawn 106
3%
Dellwood 4,811
3%
Diehlstadt 157
3%
Doe Run 895
3%
Drexel 943
3%
Easton 224
3%
Edmundson 842
3%
Elmer 51
3%
Elmo 111
3%
Emma 202
3%
Eolia 484
3%
Ethel 48
3%
Fairfax 621
3%
Farley 266
3%
Faucett 118
3%
Ferrelview 650
3%
Flint Hill 846
3%
Frankclay 77
3%
Garden City 1,579
3%
Gilman City 332
3%
Glenaire 531
3%
Goose Creek Lake 533
3%
Gordonville 625
3%
Hayti Heights 479
3%
Holland 181
3%
Holliday 114
3%
Houstonia 197
3%
Hughesville 151
3%
Hunnewell 134
3%
Huntsdale 30
3%
Kelso 551
3%
Kinloch 260
3%
Knox City 189
3%
Lake Lafayette 297
3%
Lake Tapawingo 777
3%
Lambert 9
3%
Leeton 538
3%
Levasy 75
3%
Lohman 177
3%
Ludlow 109
3%
Marble Hill 1,375
3%
Marlborough 2,180
3%
Matthews 506
3%
Mayview 215
3%
Mendon 164
3%
Meta 179
3%
Morley 673
3%
Morrison 94
3%
Mosby 99
3%
Mount Leonard 63
3%
Newark 55
3%
New Cambria 153
3%
New Hamburg 169
3%
Norborne 630
3%
Northmoor 291
3%
Orrick 740
3%
Parma 519
3%
Pattonsburg 339
3%
Paynesville 61
3%
Pierpont 66
3%
Platte Woods 393
3%
Plattsburg 2,240
3%
Polo 508
3%
Puxico 861
3%
Quitman 30
3%
Ravenwood 420
3%
Rea 49
3%
Rushville 217
3%
Sibley 316
3%
Smithton 506
3%
Stewartsville 734
3%
St. Francisville 177
3%
St. Martins 1,215
3%
Sturgeon 945
3%
Sycamore Hills 545
3%
Tallapoosa 74
3%
Tina 136
3%
Tindall 47
3%
Tracy 315
3%
Tuscumbia 191
3%
Umber View Heights 40
3%
Vanduser 185
3%
Vinita Park 1,926
3%
Wayland 420
3%
Weatherby Lake 2,111
3%
Wellsville 1,006
3%
Whitewater 85
3%
Worthington 60
3%
Advance 1,335
1%
Allendale 46
1%
Allenville 94
1%
Amazonia 238
1%
Anniston 178
1%
Appleton City 1,077
1%
Arbela 21
1%
Arbyrd 392
1%
Aurora Springs 341
1%
Baring 121
1%
Barnard 192
1%
Barnett 164
1%
Berger 259
1%
Bernie 1,834
1%
Bertrand 701
1%
Bethel 128
1%
Biehle 10
1%
Bigelow 6
1%
Big Lake 73
1%
Blanchard 48
1%
Bloomsdale 683
1%
Brashear 238
1%
Brewer 399
1%
Briarwood Estates 303
1%
Brownington 71
1%
Brumley 72
1%
Bunceton 337
1%
Burfordville 185
1%
Burgess 32
1%
Burlington Junction 498
1%
Calverton Park 1,122
1%
Camden Point 478
1%
Canalou 150
1%
Catron 38
1%
Centertown 291
1%
Centerview 191
1%
Champ 8
1%
Cherokee Pass 130
1%
Clarksdale 247
1%
Clearmont 151
1%
Clifton Hill 86
1%
Cobalt 262
1%
Conception 206
1%
Conception Junction 171
1%
Country Life Acres 71
1%
Crystal Lake Park 502
1%
Crystal Lakes 396
1%
Dearborn 502
1%
Deepwater 374
1%
Deerfield 38
1%
Deering 57
1%
Delta 375
1%
De Witt 82
1%
Downing 300
1%
East Lynne 292
1%
East Prairie 2,870
1%
Edgerton 605
1%
Ewing 390
1%
Excello 59
1%
Farber 255
1%
Forest City 246
1%
Fortuna 92
1%
Freeman 492
1%
Frisbee 64
1%
Frohna 244
1%
Gideon 728
1%
Gilliam 175
1%
Glasgow Village 5,491
1%
Glen Allen 60
1%
Glen Echo Park 114
1%
Glenwood 182
1%
Graham 146
1%
Granger 23
1%
Grayhawk 554
1%
Grayridge 85
1%
Green Ridge 600
1%
Hartwell 20
1%
Harwood 31
1%
Haywood City 135
1%
Higbee 444
1%
Holden 2,273
1%
Homestead 192
1%
Homestown 72
1%
Houston Lake 224
1%
Howardville 258
1%
Hurdland 154
1%
Iantha 64
1%
Iatan 42
1%
Ionia 78
1%
Irena 12
1%
Irwin 37
1%
Junction City 282
1%
Kidder 271
1%
Kimmswick 135
1%
Kingsville 245
1%
Knob Lick 79
1%
La Belle 647
1%
Laddonia 505
1%
Lake Annette 109
1%
Lake St. Clair 670
1%
Lake Timberline 773
1%
Lake Waukomis 931
1%
La Monte 1,008
1%
La Tour 181
1%
Leslie 135
1%
Lewis and Clark Village 93
1%
Lilbourn 929
1%
Lithium 43
1%
Livonia 55
1%
Longtown 91
1%
Lowry City 646
1%
Lucerne 56
1%
Lupus 31
1%
Luray 71
1%
Maitland 278
1%
Marquand 188
1%
McBaine 14
1%
McKittrick 81
1%
Medill 121
1%
Millard 75
1%
Milo 58
1%
Mindenmines 272
1%
Mine La Motte 154
1%
Miramiguoa Park 123
1%
Moline Acres 2,096
1%
Morehouse 696
1%
Mount Moriah 77
1%
Nelson 149
1%
New Market 65
1%
North Lilbourn 21
1%
Northwoods 3,583
1%
Novelty 104
1%
Oak Ridge 238
1%
Oakwood Park 185
1%
Old Appleton 71
1%
Olean 118
1%
Olympian Village 715
1%
Osborn 375
1%
Otterville 444
1%
Ozora 316
1%
Parnell 133
1%
Pascola 83
1%
Passaic 26
1%
Peaceful Village 97
1%
Pendleton 37
1%
Penermon 49
1%
Perkins 149
1%
Pocahontas 94
1%
Powersville 43
1%
Prathersville 121
1%
Ravanna 62
1%
Renick 150
1%
Rensselaer 252
1%
Revere 75
1%
Ridgeway 378
1%
Risco 265
1%
Riverview Estates 74
1%
Rives 41
1%
Rockville 140
1%
Rothville 65
1%
Rutledge 83
1%
Saverton 49
1%
Schell City 226
1%
Sedgewickville 188
1%
Senath 1,519
1%
Shakertowne 416
1%
Shawneetown 165
1%
Slater 1,802
1%
South Gifford 23
1%
South Gorin 63
1%
St. Clement 29
1%
St. Elizabeth 427
1%
Stoutsville 37
1%
Strasburg 115
1%
Summer Set 1,222
1%
Tarrants 19
1%
Tarsney Lakes 275
1%
Tebbetts 419
1%
Terre du Lac 2,460
1%
Truesdale 923
1%
Union Star 378
1%
Uplands Park 304
1%
Urich 473
1%
Vandiver 62
1%
Velda City 1,245
1%
Vibbard 243
1%
Wardell 286
1%
Watson 56
1%
Weingarten 160
1%
Wellston 1,583
1%
Westboro 112
1%
West Line 113
1%
White Oak 90
1%
Whiting 76
1%
Williamstown 14
1%
Wilson City 75
1%
Windsor Place 357
1%
Winigan 15
1%
Wood Heights 754
1%
Wooldridge 30
1%
Wortham 163
1%
Wyaconda 209
1%
Zalma 77
1%
Amity 26
0%
Amoret 134
0%
Arkoe 53
0%
Armstrong 241
0%
Bella Villa 731
0%
Bellerive Acres 184
0%
Bellflower 336
0%
Benton City 105
0%
Bent Tree Harbor 342
0%
Blairstown 97
0%
Blythedale 214
0%
Bogard 163
0%
Bolckow 161
0%
Bosworth 209
0%
Cainsville 283
0%
Cedar Hill Lakes 201
0%
Clyde 54
0%
Cosby 114
0%
Country Club Hills 994
0%
Cowgill 173
0%
Creighton 326
0%
Darlington 68
0%
Elmira 40
0%
Flordell Hills 705
0%
Fortescue 20
0%
Foster 79
0%
Fountain N' Lakes 185
0%
Gentry 56
0%
Gerster 16
0%
Gower 1,527
0%
Grantwood Village 921
0%
Greendale 631
0%
Guilford 60
0%
Gunn City 77
0%
Hanley Hills 1,956
0%
Hillsdale 1,181
0%
Horine 809
0%
Hume 283
0%
LaBarque Creek 1,292
0%
Lake Arrowhead 123
0%
Lakeshire 1,514
0%
Lake Tekakwitha 235
0%
Lake Viking 329
0%
Latham 67
0%
Lock Springs 39
0%
Martinsburg 257
0%
McFall 120
0%
Merwin 70
0%
Metz 18
0%
Middle Grove 46
0%
Montrose 389
0%
Mooresville 99
0%
New Hampton 227
0%
Norwood Court 873
0%
Parkdale 155
0%
Pasadena Hills 883
0%
Pasadena Park 426
0%
Pickering 145
0%
Prairie Hill 153
0%
Raintree Plantation 2,006
0%
Ridgely 104
0%
Roscoe 95
0%
Rosendale 120
0%
Scotsdale 197
0%
Stotesbury 13
0%
Stover 1,049
0%
Sumner 79
0%
Three Creeks 6
0%
Trimble 639
0%
Triplett 36
0%
Turney 124
0%
Velda Village Hills 849
0%
Vista 36
0%
Warson Woods 1,982
0%
White Branch 210
0%
Wilbur Park 423
0%
Woodson Terrace 3,871
0%
No matching quizzes found
Score Distribution
Percent of People with Each Score
Percentile by Number Answered
Your Score History
You have not taken this quiz